| 000 | 00662nam a2200241Ia 4500 | ||
|---|---|---|---|
| 003 | OSt | ||
| 005 | 20221005053434.0 | ||
| 006 | a|||||r|||| 00| 0 | ||
| 007 | ta | ||
| 008 | 221004b |||||||| |||| 00| 0 eng d | ||
| 024 | _a76911 | ||
| 037 | _cTextual | ||
| 040 |
_aCRL _cCRL _beng |
||
| 041 |
_2eng _aeng |
||
| 082 | _aO111,3:g, F1 | ||
| 100 |
_aLathrop Henry Burrowes _9597458 |
||
| 245 | 0 | _aArt of the novelist | |
| 260 |
_aLondon _bGeorge G. Harrap & Company Ltd. Great Britain _c1921 |
||
| 300 |
_a291p. _ccm. |
||
| 650 | _aENGLISH LITERATURE | ||
| 942 |
_hO111,3:g, F1 _cTEXL _2cc |
||
| 999 |
_c961975 _d961975 |
||